=LDR 00000nam 2200000 4500 =001 INLIS000000000033350 =005 20200217082450 =035 ##$$a 0010-061300000033350 =008 200217################g##########0#ind## =041 ##$$a ind =082 ##$$a 128.4 =090 ##$$a 128.4, Asy,p =100 ##$$a Asyafah,Abas =245 1#$$a Proses Kehidupan Manusia dan Nilai Eksestensialnya /$c Asyafah, abas =260 ##$$a Bandung :$b Alfabeta,$c 2009 =300 ##$$a Vii, 220 hlm : $b Ilus ; $c 14,5 x 21 cm =650 #4$$a Manusia - Ekistensi =850 ##$$a NBPNMAT =020 ##$$a 978-602-8361-36-1 =084 ##$$a 128.4 ASY p =250 ##$$a Cet. 1 =504 ##$$a Bibliografi : hlm. 213 - 220 =990 ##$$a 21003510 =990 ##$$a 21003508 =990 ##$$a 01201808694 =990 ##$$a 01201808694 =990 ##$$a 21003510 =990 ##$$a 21003508